Normal view
MARC view
Entry Personal Name
001 - CONTROL NUMBER
- control field: 31476
003 - CONTROL NUMBER IDENTIFIER
- control field:
005 - DATE AND TIME OF LATEST TRANSACTION
- control field: 20231015183702.0
008 - FIXED-LENGTH DATA ELEMENTS
- fixed length control field: 231015|| aca||aabn | a|a d
040 ## - CATALOGING SOURCE
- Original cataloging agency:
- Transcribing agency:
100 ## - HEADING--PERSONAL NAME
- Personal name: BAMMEKE, M. B
670 ## - SOURCE DATA FOUND
- Source citation: Work cat.: ()16173: BAMMEKE, M. B. aut, Elementary sociology/, 2020
